Night Calls (Record n. 98994)

Dettagli MARC
000 -LEADER
fixed length control field 02953njm a2200505Ia 4500
001 - CONTROL NUMBER
control field A1798
003 - CONTROL NUMBER IDENTIFIER
control field IT-RoPAU
005 - DATE AND TIME OF LATEST TRANSACTION
control field 20220918181111.0
008 - FIXED-LENGTH DATA ELEMENTS--GENERAL INFORMATION
fixed length control field 131025s9999 xx 000 0 und d
040 ## - CATALOGING SOURCE
Original cataloging agency IT-RoPAU
040 ## - CATALOGING SOURCE
Transcribing agency IT-RoPAU
041 ## - LANGUAGE CODE
Language code of text/sound track or separate title INGLESE
999 ## - SYSTEM CONTROL NUMBERS (KOHA)
Koha Dewey Subclass [OBSOLETE] n.d.
100 ## - MAIN ENTRY--PERSONAL NAME
Personal name AA.VV.
9 (RLIN) 794
100 ## - MAIN ENTRY--PERSONAL NAME
Relator term Autore musica
9 (RLIN) 27914
100 ## - MAIN ENTRY--PERSONAL NAME
Miscellaneous information Codice autore musica SPICS: 12000
9 (RLIN) 796
245 ## - TITLE STATEMENT
Title Night Calls
250 ## - EDITION STATEMENT
Edition statement 1a ed.
260 ## - PUBLICATION, DISTRIBUTION, ETC. (IMPRINT)
Place of publication, distribution, etc. USA
260 ## - PUBLICATION, DISTRIBUTION, ETC. (IMPRINT)
Name of publisher, distributor, etc. CAPITOL RECORDS
Date of publication, distribution, etc. 1991 [1a Ed.:1991 - Ed. Lingua Orig.: 1991]
300 ## - PHYSICAL DESCRIPTION
Extent COMPACT DISC
500 ## - GENERAL NOTE
General note Musica pop.
505 ## - FORMATTED CONTENTS NOTE
Formatted contents note Love Is Alive - Little Bit of Love - Please No More - There's A Storm Coming - You'Ve Got To Hide Your Love Away - I Can Hear the River - Don't Let the Sun Go Down On Me - Night Calls - Five Women - Can't Find My Way Home - Not Too Young To Die of A Broken Heart - Out of the Rain
650 ## - SUBJECT ADDED ENTRY--TOPICAL TERM
Topical term or geographic name as entry element POP [COMPACT DISC]
Relator term Codice MATERIA SPICS: 9949
9 (RLIN) 10570
700 ## - ADDED ENTRY--PERSONAL NAME
Personal name Cocker Joe
Relator term Interprete
Miscellaneous information Codice interprete SPICS: 10157
9 (RLIN) 27915
700 ## - ADDED ENTRY--PERSONAL NAME
Personal name Wright Gary
Relator term Autore testo/musica
Miscellaneous information Codice autore testo/musica SPICS: 22603
Name of part/section of a work Love Is Alive
9 (RLIN) 27916
700 ## - ADDED ENTRY--PERSONAL NAME
Personal name Rodgers Richard
Relator term Autore musica
Miscellaneous information Codice autore musica SPICS: 11120
Name of part/section of a work Little Bit of Love
9 (RLIN) 27917
700 ## - ADDED ENTRY--PERSONAL NAME
Personal name Kirke
Relator term Autore
Miscellaneous information Codice autore SPICS: 34949
Name of part/section of a work Little Bit of Love
9 (RLIN) 27918
700 ## - ADDED ENTRY--PERSONAL NAME
Personal name Fraser M.
Relator term Autore testo/musica
Miscellaneous information Codice autore testo/musica SPICS: 28175
Name of part/section of a work Little Bit of Love
9 (RLIN) 27919
700 ## - ADDED ENTRY--PERSONAL NAME
Personal name Egan
Relator term Autore musica
Miscellaneous information Codice autore musica SPICS: 16002
Name of part/section of a work Please No More
9 (RLIN) 27920
700 ## - ADDED ENTRY--PERSONAL NAME
Personal name Hansen
Relator term Autore
Miscellaneous information Codice autore SPICS: 15613
Name of part/section of a work Please No More
9 (RLIN) 27921
700 ## - ADDED ENTRY--PERSONAL NAME
Personal name Hadley J.
Relator term Autore musica
Miscellaneous information Codice autore musica SPICS: 34950
Name of part/section of a work There's A Storm Coming
9 (RLIN) 27922
700 ## - ADDED ENTRY--PERSONAL NAME
Personal name Wilson W.
Relator term Autore
Miscellaneous information Codice autore SPICS: 27882
Name of part/section of a work There's A Storm Coming
9 (RLIN) 27923
700 ## - ADDED ENTRY--PERSONAL NAME
Personal name Lennon John
Relator term Autore musica
Miscellaneous information Codice autore musica SPICS: 13133
Name of part/section of a work You'Ve Got To Hide Your Love Away
9 (RLIN) 27924
700 ## - ADDED ENTRY--PERSONAL NAME
Personal name McCartney Paul
Relator term Autore musica
Miscellaneous information Codice autore SPICS: 8084
Name of part/section of a work You'Ve Got To Hide Your Love Away
9 (RLIN) 27925
700 ## - ADDED ENTRY--PERSONAL NAME
Personal name Dixon
Relator term Autore musica
Miscellaneous information Codice autore musica SPICS: 15738
Name of part/section of a work I Can Hear the River
9 (RLIN) 27926
700 ## - ADDED ENTRY--PERSONAL NAME
Personal name John Elton
Relator term Autore musica
Miscellaneous information Codice autore musica SPICS: 10876
Name of part/section of a work Don't Let the Sun Go Down On Me
9 (RLIN) 27927
700 ## - ADDED ENTRY--PERSONAL NAME
Personal name Taupin Bernie
Relator term Autore
Miscellaneous information Codice autore SPICS: 22324
Name of part/section of a work Don't Let the Sun Go Down On Me
9 (RLIN) 27928
700 ## - ADDED ENTRY--PERSONAL NAME
Personal name Lynne Jeff
Relator term Autore musica
Miscellaneous information Codice autore musica SPICS: 22602
Name of part/section of a work Night Calls
9 (RLIN) 27929
700 ## - ADDED ENTRY--PERSONAL NAME
Personal name Prince
Relator term Autore musica
Miscellaneous information Codice autore musica SPICS: 2331
Name of part/section of a work Five Women
9 (RLIN) 27930
700 ## - ADDED ENTRY--PERSONAL NAME
Personal name Winwood Steve
Relator term Autore musica
Miscellaneous information Codice autore musica SPICS: 9987
Name of part/section of a work Can't Find My Way Home
9 (RLIN) 27931
700 ## - ADDED ENTRY--PERSONAL NAME
Personal name Bourgeois Brent
Relator term Autore musica
Miscellaneous information Codice autore musica SPICS: 34953
Name of part/section of a work Not Too Young To Die of A Broken Heart
9 (RLIN) 27932
700 ## - ADDED ENTRY--PERSONAL NAME
Personal name White Tony Joe
Relator term Autore musica
Miscellaneous information Codice autore musica SPICS: 31071
Name of part/section of a work Out of the Rain
9 (RLIN) 27933
942 ## - ADDED ENTRY ELEMENTS (KOHA)
Koha item type CD AUDIO
Source of classification or shelving scheme Dewey Decimal Classification
Dati di copia
Withdrawn status Lost status Damaged status Not for loan Home library Current library Date acquired Total Checkouts Full call number Date last seen Price effective from Koha item type Public note
    Buone Condizioni Not For Loan SPICS-MEDIATECA SPICS-MEDIATECA 25/10/2013   A1798 25/10/2013 25/10/2013 CD AUDIO Progr. Ins.: 93 / N.Vol.: 1 / Copie: 1 - Copia rara: n.d. / date import: 01.01.2014 - By Epidotti, Trombetti, Vaglietti
CREDITS: SOCIETA' SAN PAOLO Via A.Severo, 58 - ROMA (RM) & PERIODICI SAN PAOLO SRL Via Giotto, 36 MILANO & CISF Via Giotto, 36 MILANO & EDIZIONI SAN PAOLO SRL,  Piazza Soncino, 5 CINISELLO BALSAMO (MI) -- ITALY